[Event "Niedersachsen-ch op A"]
[Site "Verden"]
[Date "2018.01.06"]
[Round "5"]
[White "Thieu, Nguyen Gia Luat"]
[Black "Palmer, Harald"]
[Result "1-0"]
[WhiteElo "1852"]
[BlackElo "1795"]
[PlyCount "101"]
[EventDate "2018.01.04"]
[EventType "swiss"]
[EventRounds "7"]
[EventCountry "GER"]
[SourceTitle "EXT 2022"]
[Source "ChessBase"]
[SourceDate "2021.10.06"]
[SourceVersion "1"]
[SourceVersionDate "2021.10.06"]
[SourceQuality "1"]

1. e4 c5 2. Nf3 e6 3. d3 d5 4. Nbd2 Nc6 5. g3 Nf6 6. Bg2 Be7 7. 0-0 0-0 8. e5 Nd7 9. Re1 Qc7 10. Qe2 Nb4 11. Nf1 c4 12. d4 b5 13. c3 Nd3 14. Rd1 Nxc1 15. Rdxc1 Nb6 16. a3 Bd7 17. h4 a5 18. N1h2 Ra6 19. Ng5 h6 20. Qh5 hxg5 21. hxg5 g6 22. Qh6 Qd8 23. f4 Re8 24. Ng4 Bf8 25. Qh4 Bg7 26. Nf6+ Kf8 27. Qh7 Bc6 28. Qg8+ Ke7 29. Nxe8 Bxe5 30. fxe5 Bxe8 31. Qh8 Qa8 32. Qf6+ Kd7 33. Qf1 a4 34. Qe1 Qd8 35. Qd2 Ra7 36. Kf2 Na8 37. Rh1 Kc6 38. Rh8 Re7 39. Rah1 Nc7 40. R1h7 Rd7 41. Bf3 Kb6 42. Kg2 Kc6 43. Bd1 Kb6 44. Bc2 Kc6 45. Qf4 Kb6 46. Qf6 Qxf6 47. gxf6 Kc6 48. Rg8 Kb7 49. Bxg6 b4 50. Rxe8 Nxe8 51. Rxf7 1-0

[Event "Hannover-ch U16/18"]
[Site "Lehrte"]
[Date "2015.11.01"]
[Round "7"]
[White "Kiesel, Lucas"]
[Black "Thieu, Nguyen Gia Luat"]
[Result "1/2-1/2"]
[WhiteElo "1712"]
[BlackElo "1893"]
[PlyCount "38"]
[EventDate "2015.10.29"]
[EventType "swiss"]
[EventRounds "7"]
[EventCountry "GER"]
[SourceTitle "EXT 2021"]
[Source "ChessBase"]
[SourceDate "2020.10.23"]
[SourceVersion "1"]
[SourceVersionDate "2020.10.23"]
[SourceQuality "1"]

1. e4 c5 2. Nc3 Nc6 3. g3 g6 4. Bg2 Bg7 5. Nge2 d6 6. 0-0 e6 7. d3 Nge7 8. h3 0-0 9. f4 Rb8 10. a4 b6 11. Be3 Nd4 12. Bxd4 cxd4 13. Nb5 e5 14. Nxa7 Ba6 15. f5 Qd7 16. f6 Qxa7 17. fxg7 Kxg7 18. c3 dxc3 19. bxc3 Rfc8 1/2-1/2

[Event "Hannover-ch U16/18"]
[Site "Lehrte"]
[Date "2015.10.29"]
[Round "1"]
[White "Thieu, Nguyen Gia Luat"]
[Black "Rausch, Darius"]
[Result "1-0"]
[WhiteElo "1893"]
[BlackElo "1187"]
[PlyCount "45"]
[EventDate "2015.10.29"]
[EventType "swiss"]
[EventRounds "7"]
[EventCountry "GER"]
[SourceTitle "EXT 2021"]
[Source "ChessBase"]
[SourceDate "2020.10.23"]
[SourceVersion "1"]
[SourceVersionDate "2020.10.23"]
[SourceQuality "1"]

1. e4 c6 2. d4 d5 3. e5 Bf5 4. Nc3 e6 5. g4 Bg6 6. Nge2 c5 7. h4 h6 8. Be3 c4 9. f4 Be7 10. h5 Bh7 11. Ng3 Bh4 12. Bf2 Be7 13. Bh3 Nd7 14. f5 Nf8 15. Qf3 Bg5 16. Be3 Bxe3 17. Qxe3 Qg5 18. Qf3 0-0-0 19. Nb5 Rd7 20. Qa3 a6 21. Qc5+ Kb8 22. Qa7+ Kc8 23. Qa8# 1-0

[Event "GER-chT U16"]
[Site "Magdeburg"]
[Date "2014.12.30"]
[Round "7.1"]
[White "Thieu, Nguyen Gia Luat"]
[Black "Bergauz, Noam"]
[Result "0-1"]
[WhiteElo "1854"]
[BlackElo "2230"]
[PlyCount "108"]
[EventDate "2014.12.27"]
[EventType "team-swiss"]
[EventRounds "7"]
[EventCountry "GER"]
[SourceTitle "EXT 2016"]
[Source "ChessBase"]
[SourceDate "2015.10.08"]
[SourceVersion "1"]
[SourceVersionDate "2015.10.08"]
[SourceQuality "1"]
[WhiteTeam "Lehrte"]
[BlackTeam "Muenchen Suedost"]
[WhiteTeamCountry "GER"]
[BlackTeamCountry "GER"]

1. e4 e6 2. d3 d5 3. Nd2 Nf6 4. Ngf3 c5 5. g3 Nc6 6. Bg2 g6 7. 0-0 Bg7 8. c3 0-0 9. Qc2 b6 10. Re1 Ba6 11. exd5 Nxd5 12. Qa4 Qc8 13. Qc2 Qc7 14. Nc4 Rad8 15. Bd2 h6 16. a3 Bc8 17. Ne3 e5 18. Nxd5 Rxd5 19. Rad1 Bf5 20. Be3 c4 21. Bf1 Rfd8 22. Qc1 cxd3 23. Bxh6 e4 24. Nh4 Bg4 25. Bxg7 Kxg7 26. Rd2 Re5 27. h3 Be6 28. Bg2 Na5 29. Rxe4 Nb3 30. Qd1 Nxd2 31. Qxd2 Rxe4 32. Bxe4 Qe5 33. Bf3 Bxh3 34. Ng2 Bf5 35. Ne3 Rh8 36. Nxf5+ Qxf5 37. Bg2 Re8 38. Bf1 Qe4 39. Bxd3 Qe1+ 40. Qxe1 Rxe1+ 41. Kg2 Rd1 42. Bc4 Rb1 43. b3 Rc1 44. Kf3 f5 45. g4 b5 46. Be6 Rxc3+ 47. Kf4 fxg4 48. Kxg4 Rc2 49. Bd7 Rxf2 50. Bxb5 Kf6 51. Bc4 g5 52. a4 Rf4+ 53. Kg3 a5 54. Bg8 Ke5 0-1

[Event "GER-chT U16"]
[Site "Magdeburg"]
[Date "2014.12.27"]
[Round "2.1"]
[White "Berezhnoy, Alex"]
[Black "Thieu, Nguyen Gia Luat"]
[Result "0-1"]
[WhiteElo "1887"]
[BlackElo "1854"]
[PlyCount "106"]
[EventDate "2014.12.27"]
[EventType "team-swiss"]
[EventRounds "7"]
[EventCountry "GER"]
[SourceTitle "EXT 2016"]
[Source "ChessBase"]
[SourceDate "2015.10.08"]
[SourceVersion "1"]
[SourceVersionDate "2015.10.08"]
[SourceQuality "1"]
[WhiteTeam "Duesseldorf Sued"]
[BlackTeam "Lehrte"]
[WhiteTeamCountry "GER"]
[BlackTeamCountry "GER"]

1. e4 c5 2. Nf3 Nc6 3. d4 cxd4 4. Nxd4 g6 5. c4 Bg7 6. Be3 Nf6 7. Nc3 0-0 8. Be2 d6 9. 0-0 Bd7 10. Kh1 Nxd4 11. Bxd4 Bc6 12. f3 Nd7 13. Bxg7 Kxg7 14. Nd5 Bxd5 15. cxd5 Qb6 16. Qd2 a5 17. Rac1 Rfc8 18. f4 Qb4 19. Qxb4 axb4 20. Bc4 Rc5 21. Rc2 b5 22. Bb3 Rxc2 23. Bxc2 Rxa2 24. Rb1 Nc5 25. e5 Na4 26. Bxa4 bxa4 27. h3 a3 28. bxa3 bxa3 29. exd6 exd6 30. Rb6 Rb2 31. Ra6 a2 32. Kh2 Kf8 33. Ra7 Ke8 34. Kg3 Kd8 35. Kf3 Kc8 36. f5 Kb8 37. Ra3 Kb7 38. fxg6 fxg6 39. g3 Kb6 40. Kf4 h6 41. h4 Kc5 42. Ra5+ Kb4 43. Ra8 Kc3 44. h5 gxh5 45. Kf5 Kc2 46. Rc8+ Kb1 47. Ra8 a1Q 48. Rxa1+ Kxa1 49. Ke6 Rb6 50. Kd7 Kb2 51. Kc7 Ra6 52. Kb7 Ra3 53. Kc7 Rxg3 0-1

[Event "Niedersachsen-ch U16"]
[Site "Norderney"]
[Date "2014.04.17"]
[Round "8"]
[White "Boschen, Katharina"]
[Black "Thieu, Nguyen Gia Luat"]
[Result "0-1"]
[WhiteElo "1252"]
[BlackElo "1649"]
[PlyCount "120"]
[EventDate "2014.04.??"]
[EventType "swiss"]
[EventRounds "9"]
[EventCountry "GER"]
[SourceTitle "EXT 2017"]
[Source "ChessBase"]
[SourceDate "2016.10.25"]
[SourceVersion "1"]
[SourceVersionDate "2016.10.25"]
[SourceQuality "1"]

1. e4 c5 2. Nf3 Nc6 3. d4 cxd4 4. Nxd4 g6 5. Nc3 Bg7 6. Be3 Nf6 7. Bb5 0-0 8. 0-0 a6 9. Nxc6 bxc6 10. Bc4 Bb7 11. Bd4 d5 12. Bxf6 Bxf6 13. exd5 cxd5 14. Nxd5 Be5 15. Rb1 e6 16. Ne3 Qh4 17. Ng4 Bxh2+ 18. Nxh2 Qxc4 19. a3 Rac8 20. Rc1 Rfd8 21. Qg4 Rd2 22. Qxc4 Rxc4 23. Rfd1 Rcxc2 24. Rxd2 Rxd2 25. b4 Ra2 26. Rc3 Ra1+ 27. Nf1 a5 28. b5 Kg7 29. f3 Rb1 30. a4 Ra1 31. Rc4 Bd5 32. Rd4 Bb3 33. b6 Bd5 34. Kf2 Rb1 35. Ne3 Bb7 36. Rd7 Bc6 37. Ra7 Rxb6 38. Rxa5 Rb4 39. Rc5 Bxa4 40. Ng4 h5 41. Ne5 Rb5 42. Rc4 Rxe5 43. Rxa4 g5 44. g3 Rd5 45. Re4 Rd6 46. Re3 Rd2+ 47. Kg1 Kf6 48. Re4 Kf5 49. g4+ hxg4 50. Rxg4 e5 51. Rc4 f6 52. Kf1 Rd4 53. Rc3 g4 54. Kg2 gxf3+ 55. Rxf3+ Kg5 56. Rg3+ Rg4 57. Kf3 Rxg3+ 58. Kxg3 f5 59. Kf3 e4+ 60. Ke3 Kg4 0-1

[Event "Niedersachsen-ch U16"]
[Site "Norderney"]
[Date "2014.04.12"]
[Round "2"]
[White "Boehning, Kilian"]
[Black "Thieu, Nguyen Gia Luat"]
[Result "1/2-1/2"]
[WhiteElo "1932"]
[BlackElo "1649"]
[PlyCount "60"]
[EventDate "2014.04.??"]
[EventType "swiss"]
[EventRounds "9"]
[EventCountry "GER"]
[SourceTitle "EXT 2017"]
[Source "ChessBase"]
[SourceDate "2016.10.25"]
[SourceVersion "1"]
[SourceVersionDate "2016.10.25"]
[SourceQuality "1"]

1. e4 c5 2. Nc3 Nc6 3. Bc4 g6 4. d3 Bg7 5. Nge2 d6 6. 0-0 e6 7. f4 Nge7 8. Bb3 Nd4 9. Nxd4 Bxd4+ 10. Kh1 0-0 11. Ne2 Bg7 12. g4 d5 13. e5 f6 14. exf6 Bxf6 15. c3 e5 16. Ng3 Bg7 17. Qe2 Qd6 18. Bd2 exf4 19. Bxf4 Rxf4 20. Rxf4 Qxf4 21. Qxe7 Qf3+ 22. Kg1 Bf8 23. Qe5 c4 24. Rf1 Qxd3 25. Qe8 Bf5 26. Qxa8 Qe3+ 27. Rf2 cxb3 28. Nxf5 gxf5 29. axb3 Qe1+ 30. Kg2 Qe4+ 1/2-1/2

[Event "Hannover-ch U16"]
[Site "Lehrte"]
[Date "2013.10.19"]
[Round "6"]
[White "Thieu, Nguyen Gia Luat"]
[Black "Koepp, Jan"]
[Result "1-0"]
[WhiteElo "1666"]
[BlackElo "1419"]
[PlyCount "65"]
[EventDate "2013.10.17"]
[EventType "swiss"]
[EventRounds "7"]
[EventCountry "GER"]
[SourceTitle "EXT 2021"]
[Source "ChessBase"]
[SourceDate "2020.10.23"]
[SourceVersion "1"]
[SourceVersionDate "2020.10.23"]
[SourceQuality "1"]

1. e4 e6 2. d3 d5 3. Nd2 Nf6 4. Ngf3 c5 5. g3 Nc6 6. Bg2 d4 7. 0-0 Bd6 8. Qe2 e5 9. h3 Be6 10. Nc4 h6 11. Nh4 Qd7 12. Nxd6+ Qxd6 13. Nf5 Qf8 14. f4 Nd7 15. c3 f6 16. Nh4 Qd6 17. Ng6 Rg8 18. Bd2 0-0-0 19. c4 Bf7 20. Nh4 Rgf8 21. a3 a5 22. Rfb1 g6 23. Qe1 b6 24. b4 axb4 25. axb4 Kc7 26. bxc5 bxc5 27. Ba5+ Nxa5 28. Qxa5+ Kc8 29. Qa8+ Nb8 30. Rxb8+ Kd7 31. Ra7+ Ke8 32. Rxd8+ Qxd8 33. Qc6+ 1-0

[Event "Hannover-ch U16"]
[Site "Lehrte"]
[Date "2013.10.18"]
[Round "3"]
[White "Heise, Tobias"]
[Black "Thieu, Nguyen Gia Luat"]
[Result "0-1"]
[WhiteElo "1542"]
[BlackElo "1666"]
[PlyCount "124"]
[EventDate "2013.10.17"]
[EventType "swiss"]
[EventRounds "7"]
[EventCountry "GER"]
[SourceTitle "EXT 2021"]
[Source "ChessBase"]
[SourceDate "2020.10.23"]
[SourceVersion "1"]
[SourceVersionDate "2020.10.23"]
[SourceQuality "1"]

1. d4 Nf6 2. Nf3 e6 3. Bf4 b6 4. e3 Bb7 5. c4 c5 6. Nc3 d6 7. Be2 Be7 8. 0-0 0-0 9. Qb3 Nc6 10. dxc5 Na5 11. Qc2 bxc5 12. Rfd1 Qb6 13. b3 Rfd8 14. Nd2 Rac8 15. Bf3 Bxf3 16. Nxf3 d5 17. Na4 Qb4 18. Rac1 dxc4 19. Rxd8+ Rxd8 20. bxc4 Nxc4 21. g3 Nb6 22. Nxb6 Qxb6 23. Rb1 Qc6 24. Ne5 Qd5 25. Nc4 Ne4 26. a3 Bf6 27. Bc7 Rc8 28. Ba5 Ng5 29. Nd2 g6 30. e4 Qd4 31. Kg2 e5 32. h4 Ne6 33. Rb7 c4 34. Nb3 Qd6 35. Bb4 Qc6 36. Na5 Qa6 37. Rd7 Nd4 38. Qc3 Nb5 39. Qc1 c3 40. Nb3 Nd4 41. Nc5 Qe2 42. Qxc3 a5 43. Bxa5 Rxc5 44. Qxc5 Qf3+ 45. Kg1 Ne2+ 46. Kh2 Bxh4 47. Be1 Nf4 48. gxf4 Qxf4+ 49. Kg1 Qg4+ 50. Kf1 Qxd7 51. Qc3 Qb5+ 52. Kg1 Be7 53. Qc8+ Kg7 54. Qa8 Qe2 55. Qa5 Qxe4 56. Bc3 Bd6 57. a4 h5 58. f3 Qe3+ 59. Kh2 Qf2+ 60. Kh1 Qxf3+ 61. Kg1 Qe3+ 62. Kh1 Bc5 0-1

[Event "Niedersachsen-ch U16"]
[Site "Rotenburg"]
[Date "2013.03.27"]
[Round "6"]
[White "Tschirner, Tom Luca"]
[Black "Thieu, Nguyen Gia Luat"]
[Result "1/2-1/2"]
[WhiteElo "1407"]
[BlackElo "1636"]
[PlyCount "57"]
[EventDate "2013.03.23"]
[EventType "swiss"]
[EventRounds "9"]
[EventCountry "GER"]
[SourceTitle "EXT 2015"]
[Source "ChessBase"]
[SourceDate "2014.11.20"]
[SourceVersion "1"]
[SourceVersionDate "2014.11.20"]
[SourceQuality "1"]

1. d4 Nf6 2. c4 e6 3. Nf3 b6 4. Bg5 c5 5. e3 Bb7 6. Nc3 d6 7. Be2 Nbd7 8. d5 e5 9. e4 Be7 10. Qd2 0-0 11. 0-0 Ne8 12. Bxe7 Qxe7 13. Ne1 f5 14. exf5 Rxf5 15. Bg4 Rf4 16. Be6+ Kh8 17. b3 Nf8 18. Bh3 Ng6 19. Nd3 Rf8 20. Rae1 Bc8 21. Bxc8 Rxc8 22. f4 Kg8 23. fxe5 Rxf1+ 24. Rxf1 Nxe5 25. Re1 Nf6 26. Nxe5 dxe5 27. Ne4 Nxe4 28. Rxe4 Re8 29. Qe3 1/2-1/2

[Event "GER-chT North U14"]
[Site "Magdeburg"]
[Date "2012.09.09"]
[Round "7.1"]
[White "Kitze, Alexander"]
[Black "Thieu, Nguyen Gia Luat"]
[Result "1-0"]
[WhiteElo "1932"]
[BlackElo "1587"]
[PlyCount "77"]
[EventDate "2012.09.06"]
[EventType "team-swiss"]
[EventRounds "7"]
[EventCountry "GER"]
[SourceTitle "EXT 2015"]
[Source "ChessBase"]
[SourceDate "2014.11.20"]
[SourceVersion "1"]
[SourceVersionDate "2014.11.20"]
[SourceQuality "1"]
[WhiteTeam "Granschuetz Gruen Weiss"]
[BlackTeam "Lehrte"]
[WhiteTeamCountry "GER"]
[BlackTeamCountry "GER"]

1. e4 e6 2. d4 d5 3. Nc3 Nf6 4. e5 Nfd7 5. f4 c5 6. Nf3 Nc6 7. Be3 Be7 8. Be2 Qb6 9. Na4 Qa5+ 10. c3 cxd4 11. b4 Nxb4 12. cxb4 Bxb4+ 13. Bd2 Bxd2+ 14. Nxd2 d3 15. Bxd3 Qb4 16. Bc2 Qxf4 17. Nf3 Nxe5 18. 0-0 Ng4 19. g3 Qe3+ 20. Kg2 b5 21. h3 Nf6 22. Nb2 0-0 23. Bd3 Bd7 24. Qb3 Qb6 25. Ne5 Rab8 26. Rxf6 Qc7 27. Nxd7 Qxd7 28. Rf2 e5 29. Bf5 Qd6 30. Rd1 Rbd8 31. Qxb5 d4 32. Be4 Qe6 33. Rdf1 g6 34. Nd3 f5 35. Qxe5 Qxe5 36. Nxe5 fxe4 37. Rxf8+ Rxf8 38. Rxf8+ Kxf8 39. Kf2 1-0

[Event "GER-chT North U14"]
[Site "Magdeburg"]
[Date "2012.09.08"]
[Round "5.1"]
[White "Bernstengel, Aaron"]
[Black "Thieu, Nguyen Gia Luat"]
[Result "1/2-1/2"]
[WhiteElo "1688"]
[BlackElo "1587"]
[PlyCount "83"]
[EventDate "2012.09.06"]
[EventType "team-swiss"]
[EventRounds "7"]
[EventCountry "GER"]
[SourceTitle "EXT 2015"]
[Source "ChessBase"]
[SourceDate "2014.11.20"]
[SourceVersion "1"]
[SourceVersionDate "2014.11.20"]
[SourceQuality "1"]
[WhiteTeam "Hamburg Diogenes"]
[BlackTeam "Lehrte"]
[WhiteTeamCountry "GER"]
[BlackTeamCountry "GER"]

1. e4 e6 2. d4 d5 3. Nc3 Nf6 4. e5 Nfd7 5. Nf3 c5 6. Bg5 Be7 7. Bxe7 Qxe7 8. Nb5 0-0 9. Nc7 Nb6 10. Nxa8 Nxa8 11. c3 Nc6 12. Be2 c4 13. b3 b5 14. 0-0 Nb6 15. Qd2 a5 16. Rfb1 Ba6 17. a3 Rb8 18. b4 a4 19. Qg5 Qxg5 20. Nxg5 Ne7 21. f4 Bc8 22. Re1 Na8 23. Kf2 Nc7 24. Nf3 Rb6 25. g4 Ne8 26. h4 Bd7 27. Rh1 Nc7 28. Rag1 Be8 29. h5 Rc6 30. g5 Rb6 31. Nh4 Rb8 32. Bd1 Nf5 33. Be2 Bd7 34. Nxf5 exf5 35. g6 fxg6 36. hxg6 h6 37. Rh5 Rf8 38. Kf3 Be6 39. Rb1 Na8 40. Re1 Nc7 41. Reh1 Na8 42. R1h4 1/2-1/2

[Event "Niedersachsen-ch U14"]
[Site "Rotenburg"]
[Date "2012.04.04"]
[Round "8"]
[White "Thieu, Nguyen Gia Luat"]
[Black "Geistlich, Kilian"]
[Result "1-0"]
[WhiteElo "1545"]
[BlackElo "1089"]
[PlyCount "53"]
[EventDate "2012.03.31"]
[EventType "swiss"]
[EventRounds "9"]
[EventCountry "GER"]
[SourceTitle "EXT 2015"]
[Source "ChessBase"]
[SourceDate "2014.11.20"]
[SourceVersion "1"]
[SourceVersionDate "2014.11.20"]
[SourceQuality "1"]

1. e4 e5 2. Nf3 Nc6 3. Bb5 f5 4. d3 fxe4 5. dxe4 Nf6 6. 0-0 a6 7. Ba4 d6 8. Re1 Bg4 9. Bg5 b5 10. Bb3 Nd4 11. Nbd2 Bxf3 12. Nxf3 Nxb3 13. axb3 Be7 14. Qe2 h6 15. Bh4 Nh7 16. Bg3 h5 17. Rad1 h4 18. Bxe5 Bf6 19. Bxf6 Qxf6 20. e5 dxe5 21. Nxe5 Qe6 22. Qh5+ g6 23. Nxg6 Rd8 24. Rxe6+ Kf7 25. Nxh8+ Kg7 26. Qg6+ Kf8 27. Qf7# 1-0

[Event "Niedersachsen-ch U14"]
[Site "Rotenburg"]
[Date "2012.04.03"]
[Round "5"]
[White "Heise, Tobias"]
[Black "Thieu, Nguyen Gia Luat"]
[Result "1/2-1/2"]
[WhiteElo "1363"]
[BlackElo "1545"]
[PlyCount "70"]
[EventDate "2012.03.31"]
[EventType "swiss"]
[EventRounds "9"]
[EventCountry "GER"]
[SourceTitle "EXT 2015"]
[Source "ChessBase"]
[SourceDate "2014.11.20"]
[SourceVersion "1"]
[SourceVersionDate "2014.11.20"]
[SourceQuality "1"]

1. d4 Nf6 2. Nf3 e6 3. c4 b6 4. Nc3 Bb4 5. e3 Bb7 6. Bd3 Ne4 7. Bd2 Bxc3 8. Bxc3 f5 9. Rc1 0-0 10. b3 d6 11. Bb2 Nd7 12. Bb1 c5 13. dxc5 Ndxc5 14. b4 Na6 15. a3 Qe7 16. Ba2 d5 17. cxd5 exd5 18. Bxd5+ Bxd5 19. Qxd5+ Kh8 20. Qe5 Qf7 21. 0-0 Rae8 22. Qd4 Nc7 23. Qc4 Ne6 24. Rfd1 N6g5 25. Qxf7 Rxf7 26. Nxg5 Nxg5 27. Rd2 h6 28. Rdc2 f4 29. exf4 Rxf4 30. Rc7 Rf7 31. Rxf7 Nxf7 32. Kf1 Re7 33. Rc3 Kh7 34. f4 Nd6 35. g4 Re4 1/2-1/2

[Event "Hannover-ch U14"]
[Site "Lehrte"]
[Date "2011.10.17"]
[Round "6"]
[White "Weiss, Andreas1111"]
[Black "Thieu, Nguyen Gia Luat"]
[Result "0-1"]
[WhiteElo "1069"]
[BlackElo "1549"]
[PlyCount "36"]
[EventDate "2011.10.15"]
[EventType "swiss"]
[EventRounds "7"]
[EventCountry "GER"]
[SourceTitle "EXT 2021"]
[Source "ChessBase"]
[SourceDate "2020.10.23"]
[SourceVersion "1"]
[SourceVersionDate "2020.10.23"]
[SourceQuality "1"]

1. d4 e6 2. Bf4 Nf6 3. Nc3 Bb4 4. Bd2 b6 5. a3 Bxc3 6. Bxc3 Bb7 7. e3 d6 8. Nf3 Nbd7 9. Bd3 Ne4 10. Bd2 c5 11. c3 0-0 12. 0-0 f5 13. c4 Rc8 14. Rc1 Qf6 15. Bc3 Qg6 16. g3 Rf7 17. Nh4 Ng5 18. Nxg6 Nh3# 0-1

[Event "Hannover-ch U14"]
[Site "Lehrte"]
[Date "2010.10.11"]
[Round "5"]
[White "Thieu, Nguyen Gia Luat"]
[Black "Baeuerlein, Johannes"]
[Result "1/2-1/2"]
[WhiteElo "1241"]
[BlackElo "1467"]
[PlyCount "28"]
[EventDate "2010.10.09"]
[EventType "swiss"]
[EventRounds "7"]
[EventCountry "GER"]
[SourceTitle "EXT 2021"]
[Source "ChessBase"]
[SourceDate "2020.10.23"]
[SourceVersion "1"]
[SourceVersionDate "2020.10.23"]
[SourceQuality "1"]

1. e4 d6 2. Nf3 g6 3. d4 Bg7 4. Be3 Nf6 5. Nc3 Nbd7 6. Bc4 c6 7. Qd2 b5 8. Bb3 a5 9. a3 Bb7 10. Ng5 0-0 11. h3 Qe8 12. 0-0 e6 13. Rfe1 h6 14. Nf3 b4 1/2-1/2

[Event "Hannover-ch U14"]
[Site "Lehrte"]
[Date "2010.10.10"]
[Round "3"]
[White "Sirkis, Alexander"]
[Black "Thieu, Nguyen Gia Luat"]
[Result "1-0"]
[WhiteElo "1029"]
[BlackElo "1241"]
[PlyCount "145"]
[EventDate "2010.10.09"]
[EventType "swiss"]
[EventRounds "7"]
[EventCountry "GER"]
[SourceTitle "EXT 2021"]
[Source "ChessBase"]
[SourceDate "2020.10.23"]
[SourceVersion "1"]
[SourceVersionDate "2020.10.23"]
[SourceQuality "1"]

1. e4 e6 2. d4 d5 3. exd5 exd5 4. Nf3 Nf6 5. Nc3 c6 6. Bg5 Bd6 7. Bd3 0-0 8. 0-0 Bg4 9. Re1 Nbd7 10. Be2 Qc7 11. Ne5 Bxe5 12. dxe5 Bxe2 13. Qxe2 Rfe8 14. Bxf6 Nxf6 15. f4 Qb6+ 16. Qf2 Nh5 17. Qxb6 axb6 18. g3 g6 19. Re2 Ng7 20. Rae1 b5 21. a3 Re6 22. Nd1 Nf5 23. c3 c5 24. Ne3 Nxe3 25. Rxe3 Ra4 26. Rd1 d4 27. cxd4 Rxd4 28. Rxd4 cxd4 29. Rd3 Rc6 30. b4 Rc1+ 31. Kg2 Rc2+ 32. Kh3 Rc3 33. Rxd4 Rxa3 34. Rd5 Kf8 35. Rxb5 Rb3 36. Rxb7 Rb2 37. g4 h6 38. b5 Rb3+ 39. Kg2 Rb2+ 40. Kh3 Rb3+ 41. Kh4 Rb4 42. Kg3 Rb3+ 43. Kf2 Rb2+ 44. Ke3 Rxh2 45. b6 Rb2 46. Kd4 h5 47. gxh5 gxh5 48. Kc5 h4 49. Rb8+ Kg7 50. Ra8 h3 51. Ra3 h2 52. Rh3 Kf8 53. f5 Ke7 54. Kc6 Rc2+ 55. Kd5 Rd2+ 56. Kc6 Rc2+ 57. Kb7 Rb2 58. Rh7 Rc2 59. e6 h1Q+ 60. Rxh1 fxe6 61. Rh7+ Kf6 62. fxe6 Kxe6 63. Rc7 Ra2 64. Kc8 Ra8+ 65. Kb7 Ra2 66. Kb8 Kd6 67. b7 Rh2 68. Ka7 Ra2+ 69. Kb8 Rh2 70. Rc8 Kd7 71. Rc7+ Kd6 72. Rc1 Kd7 73. Ra1 1-0